000 00867nac a22002537a 4500
001 BR7600941
003 BR-BrBNA
005 20240105113919.0
008 230509b bl.|||m| |||| 00| 0 por d
040 _aBR-BrBNA
_bpor
_cBiblioteca Nacional de Agricultura
072 _aU10; M00
090 _aU10 BR7600941
110 1 _aPrograma de Pesquisa e Desenvolvimento Pesqueiro do Brasil, Rio de Janeiro, RJ
_97973
245 1 _aSistema Nacional de Estatisticas de pesca no Brasil
260 3 _aRio de Janeiro, RJ (Brasil):
_c1976.
300 _a19 p.
490 _aDocumentos Tecnicos - Programa de Pesquisa e Desenvolvimento Pesqueiro do Brasil (Brazil)
_vno. 12
_x
500 _a9 tables; Summaries (En, Pt)
650 _aESTATISTICA
650 _aPESCA
650 _aDOCUMENTACAO
909 _a202312
_bLúcia Elande
_c55
_dLúcia Elande
942 _2AGRIS
_n0
_cMS
999 _c266313
_d266313